| 000 | 00391nam a22001457a 4500 | ||
|---|---|---|---|
| 005 | 20200613155225.0 | ||
| 008 | 200613b xxu||||| |||| 00| 0 eng d | ||
| 082 | _a345.4 AIR | ||
| 110 |
_aALL INDIA REPORTER _96105 |
||
| 245 | _aALL INDIA REPORTER [1971] [VOL-58] MADHYA PRADESH SECTION | ||
| 260 |
_aMUMBAI _bALL INDIA REPORTER |
||
| 300 | _a48;p | ||
| 650 |
_aLAW _95701 |
||
| 942 | _cJRL | ||
| 999 |
_c7161 _d7159 |
||